| 000 | 00509ntaaa2200205 4500 | ||
|---|---|---|---|
| 003 | 01 | ||
| 005 | 20251027201950.0 | ||
| 008 | 0714s1973 ag 01 | ||
| 020 | _a0899222188 | ||
| 040 |
_aAR-BaBN _bspa _cAR-BaBN _eaacr _dRIC |
||
| 082 | _a248.0000 V88c | ||
| 100 |
_aVolio, María Felicia _918192 |
||
| 245 | _aConfesión de un alma idólatra | ||
| 250 | _a1 ed. | ||
| 260 |
_aMiami : _bCarida, _c1982 |
||
| 300 |
_a150 p. ; _c20,5 cm. |
||
| 650 | _aVida Cristiana | ||
| 650 | _aConversión | ||
| 942 | _cBK | ||
| 999 |
_c14395 _d14395 |
||